LIBRARY & INFORMATION CENTRE, KCAET, TAVANUR

ONLINE PUBLIC ACCESS CATALOGUE (OPAC)

Mangal grahmem rajiya / (Record no. 8359)

MARC details
000 -LEADER
fixed length control field 00445cam a2200181ua 4500
041 ## - LANGUAGE CODE
Language code of text/sound track or separate title hin
082 ## - DEWEY DECIMAL CLASSIFICATION NUMBER
Classification number 891.54
Item number SHA/MA
100 ## - MAIN ENTRY--AUTHOR NAME
Personal name Sharada, Mishra .
245 ## - TITLE STATEMENT
Title Mangal grahmem rajiya /
250 ## - EDITION STATEMENT
Edition statement 2 /
260 ## - PUBLICATION, DISTRIBUTION, ETC. (IMPRINT)
Place of publication Varanasi :
Name of publisher Hindi Pracharak Pusthakalayam ,
Year of publication 1964.
300 ## - PHYSICAL DESCRIPTION
Number of Pages 38 ; .
942 ## - ADDED ENTRY ELEMENTS (KOHA)
Koha item type Books
Holdings
Withdrawn status Lost status Damaged status Home library Current library Date acquired Full call number Accession Number Koha item type
Withdrawn     KAUAET KAUAET 07/04/2012 891.54 10561 Books
free website counter